[Event "65.Camp. Veneto Quarti di Finale"]
[Site "Arquà Petrarca ITA"]
[Date "2005.05.08"]
[Round "2.15"]
[White "Demiraj, Rumi"]
[Black "Cedriano, Filippo"]
[Result "1/2-1/2"]
[WhiteElo "1901"]
[BlackElo "2043"]
[Annotator "Gabriele Ballarin"]
[PlyCount "50"]
[EventDate "2005.05.07"]
[EventType "swiss"]
[EventRounds "6"]
[EventCountry "ITA"]

1. e4 g6 2. d4 Bg7 3. Nf3 d6 4. Be2 Nf6 5. Nc3 O-O 6. O-O c6 7. Nd2 e5 8. Nb3 exd4 9. Nxd4 Re8 10. Bd3 Nbd7 11. Nde2 Nc5 12. Ng3 h5 13. Re1 h4 14. Nf1 h3 15. gxh3 Bxh3 16. Bg5 Qd7 17. Ng3 Ng4 18. Qf3 Bd4 19. Kh1 Ne5 20. Qf4 Ncxd3 21. cxd3 Qg4 22. Qxg4 Bxg4 23. Be3 Bxe3 24. fxe3 Bh3 25. d4 Nf3 {Nur} 1/2-1/2

[Event "65.Camp. Veneto Quarti di Finale"]
[Site "Arquà Petrarca ITA"]
[Date "2005.05.08"]
[Round "2.17"]
[White "Belloni, Umberto"]
[Black "Rosina, Graziano"]
[Result "1/2-1/2"]
[WhiteElo "1950"]
[BlackElo "1476"]
[Annotator "Gabriele Ballarin"]
[PlyCount "140"]
[EventDate "2005.05.07"]
[EventType "swiss"]
[EventRounds "6"]
[EventCountry "ITA"]

1. e4 e5 2. Nf3 Nf6 3. Bc4 Nxe4 4. d3 Nd6 5. Nxe5 Nxc4 6. Nxc4 d5 7. Ne3 Be7 8. O-O O-O 9. Qf3 c6 10. Nd2 Qc7 11. Nb3 Bd6 12. h3 Nd7 13. Bd2 Ne5 14. Qh5 Ng6 15. Nf5 Be5 16. d4 Bf6 17. g3 Qd7 18. g4 Bd8 19. Rfe1 Ne7 20. Nc5 Qc7 21. Ng3 Ng6 22. Nd3 Bf6 23. c3 h6 24. g5 Bxg5 25. Bxg5 hxg5 26. Qxg5 Bxh3 27. Re3 Rfe8 28. Rae1 Qd7 29. f3 Rxe3 30. Rxe3 b6 31. Kh2 Be6 32. f4 Qe7 33. Qh5 Qh4+ 34. Qxh4 Nxh4 35. Ne5 c5 36. Nc6 Kf8 37. Nh5 a6 38. Rd3 Rc8 39. Ne5 cxd4 40. Kg3 Nf5+ 41. Kf3 dxc3 42. bxc3 Ke7 43. Ke2 g6 44. Ng3 Nd6 45. Kd2 Nc4+ 46. Nxc4 dxc4 47. Re3 Rd8+ 48. Kc2 Kf6 49. Re5 Bf5+ 50. Kb2 Rd2+ 51. Ka3 Rd3 52. Nxf5 gxf5 53. Kb4 Rf3 54. Re1 Rxf4 55. a4 Re4 56. Rf1 Ke5 57. a5 bxa5+ 58. Kxa5 Re3 59. Kb4 Kd5 60. Rxf5+ Re5 61. Rxf7 Re4 62. Rf6 Re6 63. Rf5+ Re5 64. Rf8 Re6 65. Rb8 Rc6 66. Rb7 Rc5 67. Rd7+ Kc6 68. Rc7+ Kxc7 69. Kxc5 Kb7 70. Kxc4 Kb6 1/2-1/2

[Event "65.Camp. Veneto Quarti di Finale"]
[Site "Arquà Petrarca ITA"]
[Date "2005.05.08"]
[Round "2.18"]
[White "Chiesa, Roberto"]
[Black "Zannol, Roberto"]
[Result "1/2-1/2"]
[WhiteElo "1685"]
[BlackElo "1745"]
[Annotator "Gabriele Ballarin"]
[PlyCount "98"]
[EventDate "2005.05.07"]
[EventType "swiss"]
[EventRounds "6"]
[EventCountry "ITA"]

1. d4 Nf6 2. c4 g6 3. Nc3 Bg7 4. e4 d6 5. f4 c5 6. dxc5 Qa5 7. Bd3 Qxc5 8. Qe2 Bg4 9. Nf3 O-O 10. Be3 Qa5 11. O-O Nc6 12. Rac1 Rac8 13. a3 Nd7 14. Qf2 Rfd8 15. Qh4 Qh5 16. Qxh5 Bxh5 17. Nd2 Nc5 18. Bb1 Nd4 19. b4 Ncb3 20. Nxb3 Nxb3 21. Nd5 Nxc1 22. Rxc1 Kf8 23. Bxa7 Ra8 24. Bb6 Rdc8 25. Ne3 Ra6 26. c5 Rxb6 27. g4 Bd4 28. Re1 Bxe3+ 29. Rxe3 Bxg4 30. cxb6 Rc1+ 31. Kf2 Rxb1 32. Rc3 Bd7 33. Rc7 Rb2+ 34. Kg1 Bh3 35. Rxb7 Rg2+ 36. Kf1 Rc2+ 37. Ke1 Rc8 38. a4 Bg2 39. Rc7 Re8 40. Rc4 d5 41. exd5 Bxd5 42. Rc5 Rb8 43. a5 Bb7 44. b5 Kg7 45. Rc7 e6 46. Rxb7 Rxb7 47. a6 Rxb6 48. a7 Rxb5 49. a8=Q Rf5 1/2-1/2

[Event "65.Camp. Veneto Quarti di Finale"]
[Site "Arquà Petrarca ITA"]
[Date "2005.05.08"]
[Round "2.19"]
[White "Nagliati, Paolo"]
[Black "Mileto, Gabriele"]
[Result "0-1"]
[WhiteElo "1727"]
[BlackElo "2198"]
[Annotator "Gabriele Ballarin"]
[PlyCount "164"]
[EventDate "2005.05.07"]
[EventType "swiss"]
[EventRounds "6"]
[EventCountry "ITA"]

1. e4 e6 2. d4 d5 3. e5 c5 4. c3 Nc6 5. Nf3 Bd7 6. dxc5 Bxc5 7. b4 Bb6 8. b5 Na5 9. Bd3 Rc8 10. a4 Ne7 11. O-O Ng6 12. Re1 Qc7 13. h4 f6 14. Bxg6+ hxg6 15. exf6 gxf6 16. Qxd5 Kf7 17. Qa2 Kg7 18. Be3 e5 19. Bxb6 Qxb6 20. Qa3 Qc5 21. Nbd2 Bg4 22. Qxc5 Rxc5 23. Ra3 Nc4 24. Nxc4 Bxf3 25. Nd2 Bg4 26. Ne4 Rc7 27. f3 Bf5 28. g3 Bxe4 29. Rxe4 Rhc8 30. Re3 Rd8 31. Kf2 Rd2+ 32. Re2 Rd1 33. Rc2 Rh1 34. Kg2 Rd1 35. c4 b6 36. a5 Rd4 37. axb6 axb6 38. Rac3 Rc5 39. Kf2 Kh6 40. Ke3 g5 41. hxg5+ Kxg5 42. g4 Kg6 43. Rd3 Rdxc4 44. Rxc4 Rxc4 45. Rd6 Rc3+ 46. Ke2 Rb3 47. Rxb6 Kg5 48. Rb8 Kf4 49. b6 Rb2+ 50. Kd1 Kxf3 51. b7 Ke3 52. Kc1 Rb6 53. Kc2 e4 54. Kd1 Rd6+ 55. Ke1 Rd7 56. Kf1 Kf3 57. Ke1 Ke3 58. Kf1 Kd3 59. Rf8 Rxb7 60. Rxf6 Rg7 61. Ra6 Rxg4 62. Ra3+ Kd4 63. Ke2 Rg2+ 64. Kf1 Rh2 65. Ke1 Ke5 66. Kf1 Kf4 67. Ra8 Kf3 68. Rf8+ Ke3 69. Kg1 Ra2 70. Rd8 Ra1+ 71. Kg2 Ke2 72. Re8 e3 73. Rd8 Ke1 74. Re8 e2 75. Kf3 Ra3+ 76. Kg2 Ra7 77. Kg3 Rd7 78. Ra8 Kd2 79. Ra2+ Ke3 80. Ra3+ Rd3 81. Ra1 Rd1 82. Ra3+ Kd4 0-1

[Event "65.Camp. Veneto Quarti di Finale"]
[Site "Arquà Petrarca ITA"]
[Date "2005.05.08"]
[Round "2.20"]
[White "Guclu, Yaman"]
[Black "Colusso, Enrico"]
[Result "1-0"]
[WhiteElo "2023"]
[BlackElo "1727"]
[Annotator "Gabriele Ballarin"]
[PlyCount "45"]
[EventDate "2005.05.07"]
[EventType "swiss"]
[EventRounds "6"]
[EventCountry "ITA"]

1. d4 Nf6 2. c4 g6 3. Nc3 d5 4. cxd5 Nxd5 5. e4 Nxc3 6. bxc3 Bg7 7. Bc4 c5 8. Ne2 O-O 9. O-O Nc6 10. Be3 Qc7 11. Rc1 Rd8 12. a4 b6 13. Qc2 Na5 14. Bd5 Bb7 15. Bxb7 Nxb7 16. d5 Qe5 17. Bf4 Qh5 18. f3 Bh6 19. Qd2 Kg7 20. g4 Bxf4 21. Qxf4 Qh6 22. g5 Qh5 23. h4 1-0

[Event "65.Camp. Veneto Quarti di Finale"]
[Site "Arquà Petrarca ITA"]
[Date "2005.05.08"]
[Round "2.21"]
[White "Valerio, Gianluca"]
[Black "Pomaro, Alberto"]
[Result "0-1"]
[WhiteElo "1718"]
[BlackElo "1880"]
[Annotator "Gabriele Ballarin"]
[PlyCount "112"]
[EventDate "2005.05.07"]
[EventType "swiss"]
[EventRounds "6"]
[EventCountry "ITA"]

1. c4 Nf6 2. Nc3 c5 3. e4 Nc6 4. g3 d6 5. Bg2 e5 6. Nge2 Be6 7. Nd5 Qd7 8. Nec3 O-O-O 9. d3 Bh3 10. O-O h5 11. Qa4 h4 12. Nb5 hxg3 13. Nxa7+ Kb8 14. Nxc6+ bxc6 15. Qb3+ Qb7 16. Qxb7+ Kxb7 17. Nxf6 gxh2+ 18. Kxh2 Bxg2+ 19. Kxg2 gxf6 20. Rh1 Rxh1 21. Kxh1 d5 22. Be3 Be7 23. cxd5 cxd5 24. Rc1 d4 25. Bd2 Ra8 26. a3 Rh8+ 27. Kg2 Kb6 28. Rc4 Ra8 29. Rc1 Kb5 30. Kf1 Ka4 31. Rc4+ Kb3 32. Bc1 Ra4 33. Rxa4 Kxa4 34. Ke2 Kb3 35. Kd1 Bd8 36. f3 Bb6 37. Kd2 Bd8 38. Kd1 Ba5 39. f4 exf4 40. Bxf4 Kxb2 41. Bd6 Kc3 42. Ke2 c4 43. dxc4 Kc2 44. Bf4 d3+ 45. Kf3 Bd2 46. Bd6 Bc1 47. Bb4 Bxa3 48. Be1 Kb3 49. Ke3 Kxc4 50. Bd2 Bf8 51. Kf2 Kb3 52. Kf3 Kc2 53. Bb4 d2 54. Bxd2 Kxd2 55. Kf4 Bd6+ 56. Kf5 Be5 0-1

[Event "65.Camp. Veneto Quarti di Finale"]
[Site "Arquà Petrarca ITA"]
[Date "2005.05.08"]
[Round "2.22"]
[White "Sanavio, Giancarlo"]
[Black "Abazi, Rhui"]
[Result "0-1"]
[WhiteElo "1799"]
[BlackElo "1706"]
[Annotator "Gabriele Ballarin"]
[PlyCount "102"]
[EventDate "2005.05.07"]
[EventType "swiss"]
[EventRounds "6"]
[EventCountry "ITA"]

1. Nf3 d5 2. c4 d4 3. b4 e6 4. Bb2 Bxb4 5. Qa4+ Nc6 6. Nxd4 Nge7 7. Nxc6 Nxc6 8. Bxg7 Rg8 9. Bc3 Bc5 10. g3 Bd7 11. Qb5 Bb6 12. Qh5 Bd4 13. Bg2 Qf6 14. O-O O-O-O 15. Qf3 Bxc3 16. Nxc3 Qxf3 17. exf3 Ne5 18. Ne4 Nxc4 19. Rfc1 Nb6 20. Nd6+ Kb8 21. Nxf7 Rdf8 22. Ne5 Rg7 23. f4 Bc8 24. a4 Nd7 25. Nc4 b6 26. a5 Bb7 27. Bxb7 Kxb7 28. Kf1 Nc5 29. axb6 cxb6 30. Rab1 Ka8 31. Ne5 Ne4 32. Rb2 Rd8 33. d3 Nc5 34. Rd1 Rd4 35. Ra2 Ne4 36. Rc1 Nc5 37. Rc3 Ra4 38. Rxa4 Nxa4 39. Rc8+ Kb7 40. Re8 Nc5 41. d4 Nb3 42. Nf3 a5 43. Rxe6 a4 44. Re3 Kc6 45. Ne1 Nxd4 46. Rc3+ Kd5 47. Nc2 Nxc2 48. Rxc2 b5 49. Ke2 b4 50. Kd1 b3 51. Rc1 a3 0-1

[Event "65.Camp. Veneto Quarti di Finale"]
[Site "Arquà Petrarca ITA"]
[Date "2005.05.08"]
[Round "2.23"]
[White "Battiston, Gianfranco"]
[Black "Mocellin, Gianfranco"]
[Result "1-0"]
[WhiteElo "1664"]
[BlackElo "1793"]
[Annotator "Gabriele Ballarin"]
[PlyCount "127"]
[EventDate "2005.05.07"]
[EventType "swiss"]
[EventRounds "6"]
[EventCountry "ITA"]

1. e4 d5 2. exd5 Qxd5 3. d4 c6 4. Nc3 Qd8 5. Nf3 Bf5 6. Bc4 e6 7. Bg5 Be7 8. Bxe7 Nxe7 9. Nh4 Bg6 10. Qd2 Nd7 11. Nxg6 hxg6 12. Qf4 Nb6 13. Bb3 Rc8 14. O-O-O Qc7 15. Qf3 Ned5 16. Ne4 Rd8 17. g3 Qe7 18. h4 Nf6 19. Ng5 Nbd5 20. Rhe1 Kd7 21. c4 Nb6 22. Kb1 Kc8 23. d5 cxd5 24. cxd5 Rhe8 25. dxe6 Rxd1+ 26. Qxd1 Kb8 27. Nxf7 Qc5 28. Qd6+ Qxd6 29. Nxd6 Re7 30. Nf7 Ng4 31. f3 Nh6 32. Ne5 Nf5 33. Nxg6 Re8 34. g4 Nd4 35. f4 Kc7 36. f5 Nc8 37. Ba4 b5 38. Rd1 Nxe6 39. Bxb5 Rd8 40. Rxd8 Nxd8 41. Kc2 Kd6 42. Kd3 Nf7 43. Kd4 Nh6 44. Be2 Nb6 45. Nf4 Nd7 46. Ng2 Ne5 47. Ne3 Nc6+ 48. Ke4 Nf7 49. a3 Nce5 50. Nc4+ Nxc4 51. Bxc4 Ne5 52. Be2 Nf7 53. b4 Nd8 54. g5 Ke7 55. Bb5 Nf7 56. Kd5 Nd6 57. Bd3 Nf7 58. a4 Nd8 59. a5 Nb7 60. a6 Nd6 61. b5 Ne8 62. Kc6 Kd8 63. b6 axb6 64. Kxb6 1-0

[Event "65.Camp. Veneto Quarti di Finale"]
[Site "Arquà Petrarca ITA"]
[Date "2005.05.08"]
[Round "2.24"]
[White "Alessi, Giovanni"]
[Black "Pomaro, Stefano"]
[Result "0-1"]
[WhiteElo "1652"]
[BlackElo "1756"]
[Annotator "Gabriele Ballarin"]
[PlyCount "66"]
[EventDate "2005.05.07"]
[EventType "swiss"]
[EventRounds "6"]
[EventCountry "ITA"]

1. d4 d5 2. g3 e6 3. Bg2 f5 4. e3 Nf6 5. Nf3 Bd6 6. O-O O-O 7. c4 c6 8. Nbd2 Nbd7 9. c5 Bc7 10. b4 Ne4 11. Bb2 Ndf6 12. Nxe4 Nxe4 13. a4 Bd7 14. Qd3 Qe8 15. Rfb1 Rf6 16. Ba3 Rh6 17. b5 Qh5 18. b6 axb6 19. cxb6 Bb8 20. Bb4 g5 21. a5 Ra6 22. Bf1 f4 23. Qa3 fxg3 24. Bg2 gxh2+ 25. Kf1 h1=Q+ 26. Bxh1 Qxh1+ 27. Ke2 Qg2 28. Be1 Bd6 29. Qd3 Rf6 30. Ne5 Nxf2 31. Bxf2 Rxf2+ 32. Ke1 Qg1+ 33. Qf1 Qxf1# 0-1

[Event "65.Camp. Veneto Quarti di Finale"]
[Site "Arquà Petrarca ITA"]
[Date "2005.05.08"]
[Round "2.25"]
[White "Carlassara, Renato"]
[Black "Reginato, Mauro"]
[Result "1-0"]
[WhiteElo "1748"]
[BlackElo "1697"]
[Annotator "Gabriele Ballarin"]
[PlyCount "39"]
[EventDate "2005.05.07"]
[EventType "swiss"]
[EventRounds "6"]
[EventCountry "ITA"]

1. e4 e5 2. Nf3 Nc6 3. Nc3 Nf6 4. d4 d6 5. dxe5 Nxe5 6. Nxe5 dxe5 7. Qxd8+ Kxd8 8. Bg5 Be7 9. O-O-O+ Nd7 10. Be3 c6 11. Bc4 Rf8 12. f4 f6 13. a3 Kc7 14. Rd2 Bc5 15. Rxd7+ Bxd7 16. Bxc5 Rfd8 17. f5 b6 18. Be3 Rf8 19. g4 g6 20. Bh6 1-0

[Event "65.Camp. Veneto Quarti di Finale"]
[Site "Arquà Petrarca ITA"]
[Date "2005.05.08"]
[Round "2.26"]
[White "Zanirato, Stefano"]
[Black "De Vries, Bernhard"]
[Result "1-0"]
[WhiteElo "1738"]
[BlackElo "1592"]
[Annotator "Gabriele Ballarin"]
[PlyCount "84"]
[EventDate "2005.05.07"]
[EventType "swiss"]
[EventRounds "6"]
[EventCountry "ITA"]

1. Nf3 c5 2. d3 Nc6 3. c3 Nf6 4. Qc2 d5 5. e4 e5 6. Be2 Be7 7. O-O Be6 8. Ng5 Bd7 9. Nf3 h6 10. Nbd2 Rc8 11. Re1 d4 12. Nc4 Qc7 13. a4 a6 14. a5 Be6 15. Nfd2 O-O 16. Nb6 Rcd8 17. Ndc4 Rfe8 18. Rf1 Nd7 19. Nd5 Bxd5 20. exd5 Ncb8 21. f4 Bd6 22. g3 exf4 23. Bxf4 Bxf4 24. Rxf4 Nf6 25. d6 Qd7 26. Raf1 Nc6 27. Rf5 Re6 28. Bf3 Rde8 29. Rxc5 Re1 30. Qf2 Rxf1+ 31. Qxf1 Re6 32. Bxc6 bxc6 33. cxd4 Nd5 34. Ne5 Qxd6 35. Qxf7+ Kh7 36. Qf5+ Kg8 37. Qf7+ Kh7 38. Rxc6 Rf6 39. Rxd6 Rxf7 40. Nxf7 Nb4 41. h4 Kg8 42. Ne5 Kf8 1-0

[Event "65.Camp. Veneto Quarti di Finale"]
[Site "Arquà Petrarca ITA"]
[Date "2005.05.08"]
[Round "2.27"]
[White "Menin, Massimo"]
[Black "Ferrari, Mario"]
[Result "0-1"]
[WhiteElo "1589"]
[BlackElo "1735"]
[Annotator "Gabriele Ballarin"]
[PlyCount "90"]
[EventDate "2005.05.07"]
[EventType "swiss"]
[EventRounds "6"]
[EventCountry "ITA"]

1. e4 e6 2. d4 d5 3. e5 c5 4. c3 Qb6 5. Nf3 Nc6 6. Be2 cxd4 7. cxd4 Nge7 8. Qb3 Qxb3 9. axb3 Bd7 10. O-O Nf5 11. Be3 a6 12. Nc3 Be7 13. g4 Nxe3 14. fxe3 O-O 15. g5 Nb4 16. Rac1 Rac8 17. h4 Rc7 18. Ne1 Rfc8 19. Ra1 g6 20. Rf2 Kg7 21. Rf3 h6 22. gxh6+ Kxh6 23. Rh3 f5 24. Ng2 Kg7 25. Nf4 Rc6 26. Kf2 Rh8 27. Rah1 Be8 28. h5 g5 29. Ng6 Bxg6 30. hxg6 Rxh3 31. Rxh3 Kxg6 32. Bh5+ Kg7 33. Ke2 Rc8 34. Rg3 Rh8 35. Bf3 Rh2+ 36. Bg2 g4 37. e4 Bh4 38. Re3 Rxg2+ 39. Kf1 Rf2+ 40. Kg1 Rxb2 41. Na4 Rd2 42. exf5 Bf2+ 43. Kf1 Bxe3 44. fxe6 Bxd4 45. Ke1 Rh2 0-1

[Event "65.Camp. Veneto Quarti di Finale"]
[Site "Arquà Petrarca ITA"]
[Date "2005.05.08"]
[Round "2.29"]
[White "Fabrello, Alessandro"]
[Black "De Zordi, Fabio"]
[Result "1/2-1/2"]
[WhiteElo "1500"]
[BlackElo "1733"]
[Annotator "Gabriele Ballarin"]
[PlyCount "87"]
[EventDate "2005.05.07"]
[EventType "swiss"]
[EventRounds "6"]
[EventCountry "ITA"]

1. e4 Nf6 2. e5 Nd5 3. Nf3 d6 4. d4 Bg4 5. Be2 Nc6 6. O-O e6 7. Nbd2 Be7 8. c3 O-O 9. Ne4 Bxf3 10. Bxf3 dxe5 11. dxe5 Nxe5 12. Be2 Ng6 13. Re1 c5 14. Nd2 Qc7 15. Nf3 Rad8 16. Qc2 Ndf4 17. Bf1 c4 18. Be3 b5 19. a4 Nd3 20. Red1 b4 21. cxb4 Nxb4 22. Qxc4 Qxc4 23. Bxc4 Nc2 24. Rab1 Nxe3 25. fxe3 Bc5 26. Kf2 Ne7 27. Ke2 Nf5 28. Rd3 Rxd3 29. Bxd3 Nxe3 30. b4 Nd5 31. bxc5 Nc3+ 32. Ke3 Nxb1 33. Bxb1 Rb8 34. Bc2 f6 35. c6 Rc8 36. Be4 f5 37. Ne5 fxe4 38. Kxe4 Kf8 39. Kd4 Ke7 40. Kc5 Rc7 41. a5 Rc8 42. g4 g6 43. h4 Rc7 44. g5 1/2-1/2

[Event "65.Camp. Veneto Quarti di Finale"]
[Site "Arquà Petrarca ITA"]
[Date "2005.05.08"]
[Round "3.1"]
[White "Danieli, Enrico"]
[Black "Rossi, Carlo"]
[Result "0-1"]
[WhiteElo "2163"]
[BlackElo "2375"]
[Annotator "Gabriele Ballarin"]
[PlyCount "118"]
[EventDate "2005.05.07"]
[EventType "swiss"]
[EventRounds "6"]
[EventCountry "ITA"]

1. d4 Nf6 2. c4 Nc6 3. Nf3 e6 4. Nc3 d6 5. e4 g6 6. Be3 Bg7 7. h3 O-O 8. Be2 Re8 9. O-O e5 10. d5 Nd4 11. Nxd4 exd4 12. Bxd4 Nxe4 13. Bxg7 Kxg7 14. Nxe4 Rxe4 15. Qc2 Rh4 16. Qc3+ Qf6 17. Qxf6+ Kxf6 18. Rac1 b6 19. Rc3 a5 20. b3 Bd7 21. Re3 Re8 22. Rxe8 Bxe8 23. Bg4 Kg7 24. Re1 Kf8 25. g3 Rh6 26. Bc8 c6 27. h4 cxd5 28. cxd5 Rh5 29. Bb7 Re5 30. Rc1 Re2 31. a4 Rb2 32. Rc3 Bd7 33. Kg2 Bf5 34. Kf3 Bc2 35. Rc8+ Ke7 36. g4 Bd1+ 37. Kf4 Rxf2+ 38. Ke3 Rb2 39. g5 Bxb3 40. Bc6 f5 41. Rc7+ Kd8 42. Rd7+ Kc8 43. Rxd6 Ra2 44. Rf6 Kc7 45. Rf7+ Kd6 46. Rxh7 Bxd5 47. Bb5 Ra3+ 48. Kd4 Be6 49. Rh8 Ra1 50. Be8 Rd1+ 51. Ke3 Ke5 52. Bxg6 f4+ 53. Kf2 Rd2+ 54. Ke1 Rh2 55. h5 f3 56. Re8 Re2+ 57. Kf1 Kf4 58. Rf8+ Kg3 59. Bf5 Bc4 0-1

[Event "65.Camp. Veneto Quarti di Finale"]
[Site "Arquà Petrarca ITA"]
[Date "2005.05.08"]
[Round "3.2"]
[White "Quaranta, Cristiano"]
[Black "Giuriati, Paolo"]
[Result "0-1"]
[WhiteElo "2072"]
[BlackElo "2197"]
[Annotator "Gabriele Ballarin"]
[PlyCount "68"]
[EventDate "2005.05.07"]
[EventType "swiss"]
[EventRounds "6"]
[EventCountry "ITA"]

1. d4 Nf6 2. Bg5 Ne4 3. Bf4 d5 4. f3 Nf6 5. e4 dxe4 6. Nc3 exf3 7. Nxf3 Bg4 8. Bc4 e6 9. O-O c6 10. Qd2 Bxf3 11. Rxf3 Be7 12. Re1 Nbd7 13. Qd1 b5 14. Bb3 Qb6 15. a4 b4 16. Ne4 Nxe4 17. Rxe4 Nf6 18. Re5 Rd8 19. c3 c5 20. a5 Qxa5 21. Rg3 Kf8 22. Qc1 h6 23. cxb4 Qxb4 24. dxc5 Qd4+ 25. Qe3 Qxe3+ 26. Bxe3 Nd7 27. Rh5 Rc8 28. c6 Rxc6 29. Bxa7 Rc1+ 30. Kf2 g5 31. Rhh3 Rb1 32. Bd4 Bc5 33. Bxc5+ Nxc5 34. Bc2 Rxb2 0-1

[Event "65.Camp. Veneto Quarti di Finale"]
[Site "Arquà Petrarca ITA"]
[Date "2005.05.08"]
[Round "3.3"]
[White "Navarro, Stefano"]
[Black "Rossato, Armando"]
[Result "0-1"]
[WhiteElo "2179"]
[BlackElo "2079"]
[Annotator "Gabriele Ballarin"]
[PlyCount "52"]
[EventDate "2005.05.07"]
[EventType "swiss"]
[EventRounds "6"]
[EventCountry "ITA"]

1. e4 c5 2. Nf3 Nc6 3. d4 cxd4 4. Nxd4 e5 5. Nb5 d6 6. c4 Be7 7. N1c3 a6 8. Na3 f5 9. exf5 Bxf5 10. Bd3 Bxd3 11. Qxd3 Nf6 12. Nc2 O-O 13. O-O Kh8 14. b3 Qe8 15. Ne3 Nd4 16. Ned5 Rd8 17. Be3 Ne6 18. Rad1 Ng4 19. Bb6 Rd7 20. Qh3 Qg6 21. Nxe7 Rxe7 22. Rxd6 Ref7 23. Nd5 Nxf2 24. Bxf2 Rxf2 25. Rd1 Nd4 26. Nf6 R8xf6 0-1

[Event "65.Camp. Veneto Quarti di Finale"]
[Site "Arquà Petrarca ITA"]
[Date "2005.05.08"]
[Round "3.4"]
[White "Cacco, Cristian"]
[Black "Opacic, Alexandar"]
[Result "1-0"]
[WhiteElo "2300"]
[BlackElo "2118"]
[Annotator "Gabriele Ballarin"]
[PlyCount "98"]
[EventDate "2005.05.07"]
[EventType "swiss"]
[EventRounds "6"]
[EventCountry "ITA"]

1. d4 d5 2. Nf3 c6 3. Bf4 Bf5 4. Nbd2 Nd7 5. c4 e6 6. e3 Ngf6 7. h3 h6 8. a3 Be7 9. Be2 O-O 10. O-O Ne4 11. Nxe4 Bxe4 12. Nd2 Bg6 13. b4 a6 14. c5 Bf6 15. Nb3 e5 16. Bh2 Re8 17. Qd2 Re7 18. a4 Nf8 19. b5 axb5 20. axb5 cxb5 21. Bxb5 Rxa1 22. Rxa1 Bf5 23. Be2 Bd7 24. Bf3 Bc6 25. Qb4 Kh7 26. Rd1 exd4 27. Nxd4 Ne6 28. Nf5 Rd7 29. Nd6 Qa8 30. Bg3 Qa2 31. e4 Ng5 32. Bg4 Re7 33. e5 Bxe5 34. f4 Bxd6 35. cxd6 Re3 36. Bf2 Rb3 37. Qe1 Ne4 38. Bf5+ g6 39. Bxe4 dxe4 40. d7 e3 41. d8=Q exf2+ 42. Qxf2 Rb2 43. Rd2 Qa1+ 44. Kh2 Rb1 45. Qe7 Rh1+ 46. Kg3 Qc3+ 47. Qfe3 Qc4 48. Qf6 Bxg2 49. Rxg2 Rd1 1-0

[Event "65.Camp. Veneto Quarti di Finale"]
[Site "Arquà Petrarca ITA"]
[Date "2005.05.08"]
[Round "3.5"]
[White "Bonafede, Alessandro"]
[Black "Luciani, Valerio"]
[Result "0-1"]
[WhiteElo "2095"]
[BlackElo "2241"]
[Annotator "Gabriele Ballarin"]
[PlyCount "108"]
[EventDate "2005.05.07"]
[EventType "swiss"]
[EventRounds "6"]
[EventCountry "ITA"]

1. e4 d6 2. d4 Nf6 3. Nc3 c6 4. f4 Qa5 5. Bd3 e5 6. Nf3 Bg4 7. Be3 Nbd7 8. O-O Be7 9. Kh1 O-O 10. Qe1 Rfe8 11. Nd2 exf4 12. Bxf4 d5 13. Qg3 dxe4 14. Ncxe4 Qh5 15. h3 Bf5 16. Be5 Bg6 17. Nxf6+ Bxf6 18. Bxg6 hxg6 19. Bxf6 Nxf6 20. Nc4 Qd5 21. Qd3 Re4 22. Rad1 Rd8 23. c3 c5 24. Nd2 Re7 25. Nf3 Qxa2 26. Qb5 cxd4 27. Ra1 Qd5 28. Qxd5 Nxd5 29. Nxd4 a6 30. Rae1 Rde8 31. Rxe7 Rxe7 32. Kg1 f6 33. Kf2 Kf7 34. Rd1 Nf4 35. Kf3 Ne6 36. Nxe6 Kxe6 37. h4 Rd7 38. Re1+ Kf7 39. g3 Rd2 40. b4 Rd3+ 41. Re3 Rxe3+ 42. Kxe3 Ke6 43. Kd4 Kd6 44. c4 b6 45. Kd3 Ke5 46. Ke3 a5 47. c5 a4 48. cxb6 Kd6 49. Kd4 Kc6 50. Kc3 Kxb6 51. Kc4 f5 52. Kd4 Kb5 53. Kc3 g5 54. hxg5 g6 0-1

[Event "65.Camp. Veneto Quarti di Finale"]
[Site "Arquà Petrarca ITA"]
[Date "2005.05.08"]
[Round "3.6"]
[White "Castellano, Alfonso"]
[Black "Pechy, Alaster"]
[Result "1/2-1/2"]
[WhiteElo "1913"]
[BlackElo "2179"]
[Annotator "Gabriele Ballarin"]
[PlyCount "53"]
[EventDate "2005.05.07"]
[EventType "swiss"]
[EventRounds "6"]
[EventCountry "ITA"]

1. c4 e5 2. g3 g6 3. Bg2 Bg7 4. Nc3 Nf6 5. e4 d6 6. Nge2 O-O 7. O-O Nc6 8. d3 Ne8 9. Be3 f5 10. Qd2 Nf6 11. Bg5 fxe4 12. dxe4 Be6 13. Nd5 Ne7 14. Nec3 a6 15. Rad1 Rb8 16. a4 Kh8 17. Qc1 Qd7 18. b3 Rbd8 19. c5 Bxd5 20. Nxd5 Nexd5 21. exd5 dxc5 22. Qxc5 Rf7 23. Qb4 b5 24. axb5 Rb8 25. Qa5 Rxb5 26. Qxa6 Rxb3 27. Qc6 1/2-1/2

[Event "65.Camp. Veneto Quarti di Finale"]
[Site "Arquà Petrarca ITA"]
[Date "2005.05.08"]
[Round "3.7"]
[White "Alberton, Roberto"]
[Black "Quaranta, Gaetano"]
[Result "1-0"]
[WhiteElo "2120"]
[BlackElo "1589"]
[Annotator "Gabriele Ballarin"]
[PlyCount "95"]
[EventDate "2005.05.07"]
[EventType "swiss"]
[EventRounds "6"]
[EventCountry "ITA"]

1. e4 e5 2. Nf3 Nc6 3. Bb5 a6 4. Ba4 Nf6 5. O-O Be7 6. Re1 b5 7. Bb3 O-O 8. a4 b4 9. a5 d6 10. c3 Bb7 11. d3 Re8 12. Nbd2 bxc3 13. bxc3 Rb8 14. Nc4 Bf8 15. Ne3 Ne7 16. Ba3 Nc6 17. Bb2 h6 18. Qb1 Ne7 19. Qa2 d5 20. Nxe5 c6 21. Nf3 Qc7 22. e5 Nh7 23. d4 g6 24. c4 Rbd8 25. Rac1 Qd7 26. Ba3 dxc4 27. Bxc4 Nd5 28. Bxd5 cxd5 29. Bxf8 Nxf8 30. Nd2 h5 31. Nb3 Ne6 32. Nc5 Nxc5 33. Rxc5 Ba8 34. Rec1 Kg7 35. f4 Qb7 36. f5 Qb4 37. Qf2 Rf8 38. Qf4 Qb3 39. Rc7 Qd3 40. e6 Rde8 41. Rd1 Qe4 42. f6+ Kh7 43. Qxe4 dxe4 44. e7 Rg8 45. d5 g5 46. d6 Kg6 47. d7 Kxf6 48. d8=Q 1-0

[Event "65.Camp. Veneto Quarti di Finale"]
[Site "Arquà Petrarca ITA"]
[Date "2005.05.08"]
[Round "3.8"]
[White "Lorenzini, Adriano"]
[Black "Solinas, Carlo"]
[Result "1/2-1/2"]
[WhiteElo "1883"]
[BlackElo "2067"]
[Annotator "Gabriele Ballarin"]
[PlyCount "87"]
[EventDate "2005.05.07"]
[EventType "swiss"]
[EventRounds "6"]
[EventCountry "ITA"]

1. d4 Nf6 2. c4 g6 3. Nc3 Bg7 4. e4 d6 5. f3 O-O 6. Be3 Nc6 7. d5 Ne5 8. Bd3 c5 9. Nge2 e6 10. O-O exd5 11. cxd5 a6 12. a4 Nxd3 13. Qxd3 Nd7 14. f4 b6 15. Rab1 b5 16. axb5 axb5 17. Qxb5 Ba6 18. Qc6 Nb6 19. e5 Re8 20. Rf3 Rc8 21. Qxd6 Qxd6 22. exd6 Red8 23. b4 cxb4 24. Bxb6 bxc3 25. Bxd8 Bxe2 26. Bc7 Bxf3 27. gxf3 Bf6 28. Rc1 Kf8 29. Rxc3 Bxc3 30. d7 Ra8 31. d8=Q+ Rxd8 32. Bxd8 Bd4+ 33. Kg2 Ke8 34. Bc7 f6 35. Kg3 Kd7 36. Bb8 Bc5 37. f5 Bd6+ 38. Bxd6 Kxd6 39. fxg6 hxg6 40. h4 Kxd5 41. h5 gxh5 42. Kh4 Ke5 43. Kxh5 Kf5 44. Kh6 1/2-1/2

[Event "65.Camp. Veneto Quarti di Finale"]
[Site "Arquà Petrarca ITA"]
[Date "2005.05.08"]
[Round "3.9"]
[White "Zannol, Roberto"]
[Black "Sgaravatti, Francesco"]
[Result "1/2-1/2"]
[WhiteElo "1745"]
[BlackElo "2141"]
[Annotator "Gabriele Ballarin"]
[PlyCount "107"]
[EventDate "2005.05.07"]
[EventType "swiss"]
[EventRounds "6"]
[EventCountry "ITA"]

1. Nf3 f5 2. g3 d6 3. Bg2 e5 4. d3 Nf6 5. Bg5 h6 6. Bd2 g5 7. Bc3 Bg7 8. e4 Nc6 9. Qe2 O-O 10. Nbd2 f4 11. gxf4 exf4 12. h3 Be6 13. Nb3 Bxb3 14. axb3 d5 15. O-O-O d4 16. Be1 a5 17. Nd2 Ne5 18. Nc4 Nfd7 19. f3 a4 20. Bb4 c5 21. Nxe5 Nxe5 22. Bxc5 axb3 23. Kb1 Qa5 24. Ba3 Rfc8 25. cxb3 Bf8 26. Qd2 Qa6 27. b4 Qb5 28. Rc1 Kg7 29. Rxc8 Rxc8 30. Rc1 Qxd3+ 31. Qxd3 Rxc1+ 32. Kxc1 Nxd3+ 33. Kd2 Ne5 34. b5 h5 35. Ke2 Kf7 36. b4 Ke6 37. Bb2 d3+ 38. Kd1 Bxb4 39. Bxe5 Kxe5 40. Bf1 Kd4 41. e5 Ke3 42. e6 h4 43. Kc1 d2+ 44. Kd1 Kxf3 45. b6 Ke4 46. Ba6 Ke5 47. e7 Bxe7 48. Bxb7 Bb4 49. Bf3 Kd6 50. b7 Kc7 51. Ke2 Bc3 52. Kd1 Kb8 53. Kc2 Ba5 54. Kd1 1/2-1/2